000 00680nam a2200289Ia 4500
005 20260324135130.0
008 008 260324s9999 xx 000 0 eng d
020 _a9781315801544
037 _aEBOOK
040 _aCRL
040 _beng
040 _cCRL
041 _2eng
041 _aeng
084 _qCRL
100 _aMarie Mohler
_91199456
245 0 _aHomosexual Rites of Passage
245 2 _bA Road to Visibility and Validation
260 _bTaylor and Francis
260 _c2000
365 _a
365 _b160
856 _uhttp://www.taylorfrancis.com/books/9781315801544
942 _cEBOOK
999 _c1800213
_d1800213